书目信息 |
| 题名: |
幸福ing
|
|
| 作者: | 郑延植 著 ;杨俊娟 译 | |
| 分册: | 2 | |
| 出版信息: | 厦门 鹭江出版社 2009.05 |
|
| 页数: | 191页 | |
| 开本: | 22cm | |
| 丛书名: | ||
| 单 册: | ||
| 中图分类: | J238.2 | |
| 科图分类: | ||
| 主题词: | 漫画--韩国--现代--画册 , 漫画 | |
| 电子资源: | ||
| ISBN: | 978-7-80671-563-5 | |
| 000 | 00871nam0 22002651 450 | |
| 001 | 004213396 | |
| 005 | 20111223163906.00 | |
| 010 | @a978-7-80671-563-5@dCNY25.00 | |
| 096 | @aJ238@bzyz | |
| 100 | @a20090715d2009 em y0chiy50 ea | |
| 101 | 1 | @achi@ckor |
| 102 | @aCN@b350000 | |
| 105 | @aa t 000yy | |
| 200 | 1 | @a幸福ing@9xing fu ing@h2@e全彩绘本@f(韩)郑延植著@g杨俊娟译 |
| 210 | @a厦门@c鹭江出版社@d2009.05 | |
| 215 | @a191页@d22cm | |
| 304 | @a本书原名:托迪 | |
| 330 | @a本书以漫画形式描写了小狗托迪及其主人一家子的生活场景,爱情、婚姻、孩子与狗,点滴成趣,揭示生活中无处不在的小幸福。 | |
| 606 | 0 | @a漫画@y韩国@z现代@j画册 |
| 606 | 0 | @a漫画 |
| 690 | @aJ238.2@v4 | |
| 701 | 0 | @c(韩)@a郑延植@9zheng yan zhi@f(1967~)@4著 |
| 702 | 0 | @a杨俊娟@9yang jun juan@c(翻译)@4译 |
| 801 | 0 | @aCN@bJL@c20111223 |
| 905 | @a郑州市财税学校图书馆@dJ238.2@eZ455:2@f3 | |
| 幸福ing.2:全彩绘本/(韩)郑延植著/杨俊娟译.-厦门:鹭江出版社,2009.05 |
| 191页;22cm |
| ISBN 978-7-80671-563-5:CNY25.00 |
| 本书以漫画形式描写了小狗托迪及其主人一家子的生活场景,爱情、婚姻、孩子与狗,点滴成趣,揭示生活中无处不在的小幸福。 |
| ● |
| 相关链接 |
|
|
|
正题名:幸福ing
索取号:J238.2/Z455:2
 
预约/预借
| 序号 | 登录号 | 条形码 | 馆藏地/架位号 | 状态 | 备注 |
| 1 | 1064957 | 210649574 | 社科库309/309社科库 78排3列1层/ [索取号:J238.2/Z455:2] | 在馆 | |
| 2 | 1064958 | 210649583 | 社科库309/309社科库 78排3列1层/ [索取号:J238.2/Z455:2] | 在馆 | |
| 3 | 1064959 | 210649592 | 艺术设计学院资料室/ [索取号:J238.2/Z455:2] | 在馆 |